000 00848nam a22003137a 4500
001 BR7400999
003 BR-BrBNA
005 20230928084542.0
007 ta
008 230509b bl.||||| |||| 00| 0 por d
040 _aBR-BrBNA
_bpor
_cBiblioteca Nacional de Agricultura
041 _a(Por)
072 _aF00; H10
_b0430
_b/G514
090 _ 0430 BR7400999
110 1 _aBanco do Nordeste do Brasil S.A., Fortaleza, CE
245 1 _aO algodao moco [Gossypium hirsutum marie galante, Brasil]
260 3 _aFortaleza, CE (Brasil):
_c1961.
300 _a17 p.
650 _aALGODAO MOCO
650 _aPRATICA CULTURAL
650 _aSOLO
650 _aPLANTIO
650 _aCOLHEITA
650 _aINSETICIDA
650 _aPRAGA DE PLANTA
650 _aRIO GRANDE DO NORTE
909 _a202309
_bLucia
_c55
_dLucia Elande
942 _cBK
999 _c19696
_d19696